Test de rapidité - De 1 à 6F (en Hexadécimal) - Statistiques

Statistiques générales
  • Ce quiz a été pris 224 fois
  • Le résultat moyen est 19 sur 111
Statistiques - réponses
Nombre % Correct
1
100%
2
100%
3
98%
4
96%
5
96%
6
96%
7
96%
8
96%
9
96%
A
59%
B
59%
C
59%
D
59%
E
59%
F
59%
10
33%
11
31%
12
30%
13
30%
14
29%
15
29%
16
29%
17
28%
18
28%
19
28%
1A
25%
1B
25%
1C
24%
1D
24%
1E
23%
1F
22%
20
16%
21
14%
22
12%
23
12%
24
12%
25
12%
26
11%
27
11%
28
11%
29
11%
2A
7%
2B
7%
2C
7%
2D
7%
2E
7%
2F
7%
30
5%
31
5%
32
4%
33
4%
34
4%
35
2%
36
1%
37
1%
38
0%
39
0%
3A
0%
3B
0%
3C
0%
3D
0%
3E
0%
3F
0%
40
0%
41
0%
42
0%
43
0%
44
0%
45
0%
46
0%
47
0%
48
0%
49
0%
4A
0%
4B
0%
4C
0%
4D
0%
4E
0%
4F
0%
50
0%
51
0%
52
0%
53
0%
54
0%
55
0%
56
0%
57
0%
58
0%
59
0%
5A
0%
5B
0%
5C
0%
5D
0%
5E
0%
5F
0%
60
0%
61
0%
62
0%
63
0%
64
0%
65
0%
66
0%
67
0%
68
0%
69
0%
6A
0%
6B
0%
6C
0%
6D
0%
6E
0%
6F
0%
Aucun quiz correspondant
Distribution des résultats
% des personnes avec chaque résultat
Percentile par nombre de réponses
Votre historique - résultats
Vous n’avez pas pris ce quiz